| 000 | 01552nam0a22003371 4500 | ||
|---|---|---|---|
| 001 | v19\rc\2006161 | ||
| 005 | 20251118181331.8 | ||
| 035 | _a(NLR Aleph) 005081170 | ||
| 090 |
_a7198293 _c7198293 |
||
| 100 | _a20080811d1915 |||y0rusy50 ca | ||
| 101 | 0 | _arus | |
| 102 | _aRU | ||
| 105 | _ay z ||||| | ||
| 200 | 1 |
_aОб использовании золы и шлака мусоросжигательных станций г. Петрограда с сельскохозяйственной точки зрения _fН.К. Недокучаев и Г.В. Пигулевский _gКаб. общ. и част. растениеводства Стебутов. высш. жен. с.-х. курсов О.С.Ж.С.Х.О. |
|
| 210 |
_aПетроград _cТипо-лит. "Якорь" _d1915 |
||
| 215 |
_a32 с. _d26 |
||
| 532 | 1 | 3 | _aОб использовании золы и шлака мусоросжигательных станций г. Петрограда с сельскохозяйственной точки зрения |
| 700 | 1 |
_aНедокучаев _bН. К. _f1872- _gНиколай Квинтилианович |
|
| 701 | 1 |
_aПикулевский _bГ. В. _f1888-1964 _gГеоргий Васильевич |
|
| 801 | 0 |
_aRU _bNLR _gpsbo |
|
| 801 | 0 |
_aRU _bRuMoRGB _2psbo |
|
| 801 | 1 |
_aRU _bProSoft-M _2rusmarc |
|
| 852 |
_aNLR _j40.9а.7.35 |
||
| 899 |
_aRuMoRGB _jV 112/68 |
||
| 899 |
_aRuMoRGB _jV 116/33 |
||
| 899 | _aБАН | ||
| 899 | _aНБ СПбГУ | ||
| 899 | _aНБ МГУ | ||
| 942 | _cBOOK | ||
| 980 | _aNB | ||